Pisʹma i zapiski Ommer de Gellʹ /

Bibliographic Details
Main Author: Vi︠a︡zemskīĭ, Pavel Petrovich, kni︠a︡zʹ, 1820-1888
Format: Book
Language:Russian
Published: Moskva : Khudozh. lit-ra, 1990.
Series:Zabytai͡a kniga.
Subjects:

MARC

Tag First Indicator Second Indicator Subfields
LEADER 00000cam a2200000Ia 4500
001 in00002012196
005 20151031153903.0
008 900903s1990 ru b 000 0 rusod
020 |a 5280013366 
035 |a (OCoLC)ocm22314742 
040 |a EUE  |c EUE  |d IXA  |d TXA  |d UtOrBLW 
049 |a TXAM 
090 |a PG3447.V497  |b P57 1990 
100 1 |a Vi︠a︡zemskīĭ, Pavel Petrovich,  |c kni︠a︡zʹ,  |d 1820-1888. 
245 1 0 |a Pisʹma i zapiski Ommer de Gellʹ /  |c Pavel Vi︠a︡zemskiĭ ; [vstupitelʹnai︠a︡ statʹi︠a︡, podgotovka teksta i kommentariĭ A.S. Nemzera]. 
264 1 |a Moskva :  |b Khudozh. lit-ra,  |c 1990. 
300 |a 286 pages ;  |c 21 cm. 
336 |a text  |b txt  |2 rdacontent 
337 |a unmediated  |b n  |2 rdamedia 
338 |a volume  |b nc  |2 rdacarrier 
490 1 |a Zabytai︠a︡ kniga 
500 |a "P̀isʹma i zapiski Ommer de Gellʹ' ... v deĭstvitelʹnosti i︠a︡vli︠u︡tsi︠a︡ ... literaturnoĭ mistifikat︠s︡ieĭ ... Pavla Petrovich Vi︠a︡zemskogo"--page [4]. 
500 |a Added title page from the Moscow edition of 1933 : Ommer de Gellʹ : Pisʹma i zapiski. 
504 |a Includes bibliographical references. 
600 1 0 |a Hommaire de Hell, Adèle,  |d 1815?-1883? 
830 0 |a Zabytai͡a kniga. 
948 |a cataloged  |b h  |c 2004/12/17  |d c  |e tchubaryan  |f 10:46:19 am 
994 |a E0  |b TXA 
999 |a MARS 
999 f f |s 1a05ca5e-86fb-3ae1-93bf-9f8533294c9b  |i bc366231-e628-3a3f-a255-9571be137ff1  |t 0 
952 f f |p ric  |a Texas A&M University  |b Rellis Campus  |c Joint Library Facility  |d Remote Storage  |t 0  |e PG3447.V497 P57 1990  |h Library of Congress classification  |i unmediated -- volume  |m A14831633312 
998 f f |a PG3447.V497 P57 1990  |t 0  |l Remote Storage